000 00397nam a2200121 a 4500
005 20140414131939.0
008 110125s19uu xx 00 eng d
050 _aTR 428.1
_bOn4 2004
100 _aOnish, Liane
245 _aBeginning and Ending sounds Grades K-2 :
_b15 Fun & Easy reproducible games that build fundamental reading skills.
440 _aReading skills card games
999 _c112537
_d112537